000 00354nam a22001577a 4500
003 OSt
008 231102b |||||||| |||| 00| 0 eng d
041 _aeng
082 _a894.8121
_bVAL / A
100 _aVallathol
_94295
245 _aAchanum Makalum
250 _a14th
260 _aThrissur:
_bVallathol,
_c1970.
300 _a61pages.
942 _cBK
999 _c17773
_d17773